Kultúra, veda, umenie časopis Ministerstva kultúry SSR

Bibliographic Details
Format: Journal
Language:Slovak
PhysicalDescription:3 zv. 24 cm
Published: Bratislava Obzor 1970-[1972]
Subjects:

MARC

LEADER 00000cas a2200000 a 4500
001 vtls001276051
003 SK-MaSNL
005 20260228163922.0
008 970214d19701972xo r p 0 0b0slo
035 |a SNK000227284 
040 |a SNK  |b slo  |c SNK  |e AACR2 
041 0 |a slo 
044 |a xo  |c SK 
072 7 |a 316.7  |x Sociológia kultúry. Kultúrny život  |2 konspekt 
072 7 |a 00  |x Veda. Všeobecnosti. Základy vedy a kultúry. Vedecká práca  |2 konspekt 
072 7 |a 7.01/.09  |x Umenie  |2 konspekt 
080 |a 316.7  |2 2011 
080 |a 001  |2 2011 
080 |a 050  |2 2011 
080 |a 7.01/.09  |2 2011 
080 |a (055)  |2 2011 
245 0 0 |a Kultúra, veda, umenie  |b časopis Ministerstva kultúry SSR 
246 1 3 |a Kultúra 
260 |a Bratislava  |b Obzor  |c 1970-[1972] 
300 |a 3 zv.  |c 24 cm 
310 |a 1x mesačne 
362 0 |a Č. 1 (1970)-[1972]  |z SKP 
500 |a Podnázov sa mení: informatívny bulletin Ministerstva kultúry Slovenskej socialistickej republiky ; informačný bulletin Ministerstva kultúry SSR 
650 0 7 |a kultúra  |2 SNKPH  |9 886 
650 0 7 |a veda  |2 SNKPH  |9 1599 
650 0 7 |a umenie  |2 SNKPH  |9 1060 
655 7 |a bulletiny  |2 SNKPH  |9 70453 
910 |a snk 
999 |c 11269  |d 13199 
952 |0 0  |1 0  |4 0  |7 0  |a SNK  |b SNK  |d 1997-02-14  |l 0  |o snkČSC 2042/1970  |p 17A0038146  |r 2005-01-02 00:00:00  |t č. 1-10  |w 2026-02-21  |y PREZ 
952 |0 0  |1 0  |4 0  |7 0  |a SNK  |b SNK  |d 1997-02-17  |l 0  |o snkČSC 2042/1970 D1  |p 17A0038876  |r 2005-01-02 00:00:00  |t č. 1-10  |w 2026-02-21  |y PREZ